LEADER 02159nam 2200577 450 001 9910815371803321 005 20220819051831.0 010 $a0-8218-8232-5 035 $a(CKB)3240000000070076 035 $a(EBL)3113174 035 $a(SSID)ssj0000629276 035 $a(PQKBManifestationID)11412263 035 $a(PQKBTitleCode)TC0000629276 035 $a(PQKBWorkID)10718793 035 $a(PQKB)11363414 035 $a(MiAaPQ)EBC3113174 035 $a(RPAM)16873326 035 $a(PPN)197108830 035 $a(EXLCZ)993240000000070076 100 $a20140606h20112011 uy| 0 101 0 $aeng 135 $aur|n|---||||| 181 $ctxt 182 $cc 183 $acr 200 10$aComplex analysis and dynamical systems IV$hPart 1$iFunction theory and optimization $eFourth International Conference on Complex Analysis and Dynamical Systems, May 18-22, 2009, Nahariya, Israel /$fMark Agranovsky [and seven others], editors 210 1$aProvidence, Rhode Island :$cAmerican Mathematical Society,$d[2011] 210 4$dİ2011 215 $a1 online resource (346 p.) 225 1 $aContemporary mathematics,$v553$x0271-4132 300 $aDescription based upon print version of record. 311 $a0-8218-5196-9 320 $aIncludes bibliographical references. 327 $apt. 1. Function theory and optimization -- pt. 2. General relativity, geometry, and PDE. 410 0$aContemporary mathematics,$v553$x0271-4132 517 1 $aIsrael mathematical conference proceedings 606 $aFunctions of complex variables$vCongresses 606 $aDifferentiable dynamical systems$vCongresses 615 0$aFunctions of complex variables 615 0$aDifferentiable dynamical systems 676 $a515/.9 686 $a30-xx$a32-xx$a49-xx$a35-xx$a53-xx$a83-xx$2msc 702 $aAgranovskii?$b M. L$g(Mark L?vovich), 712 12$aInternational Conference on Complex Analysis and Dynamical Systems 801 0$bMiAaPQ 801 1$bMiAaPQ 801 2$bMiAaPQ 906 $aBOOK 912 $a9910815371803321 996 $aComplex analysis and dynamical systems IV$9850934 997 $aUNINA